000 01907nam1a2200385 i 4500
001 RU\NLR\BIBL_A\012683265
005 20260409080530.0
010 _a9785995302421
_bКнижники
010 _a978-5-9003-0980-4
_bЛехаим
035 _a(NLR Aleph) 012683265
090 _a12822444
_c12822444
100 _a20220113g2021 u y0rusy50 ca
101 1 _arus
_cheb
102 _aRU
105 _a||||w||||||||
181 0 _ai4
_baxxe
182 0 _an
200 1 _aМидраш раба (Великий мидраш)
_e[в 8 т.]
_fподготовлено Институтом перевода еврейских текстов
_gперевод с иврита Некода Зингера под редакцией Хавы-Брохи Корзаковой и Арье Ольмана
_gглавный редактор: Борух Горин
_gкомментарии Хава-Броха Корзакова [и др.]
203 _aТекст
_bвизуальный
_cнепосредственный
205 _aИзд. 2-е
210 _aМосква
_cЛехаим
_cКнижники
_d5781=2021
215 _d21
225 1 _aБиблиотека еврейских текстов
_eБЕТ
_iПервоисточники
225 1 _aИздательская программа Федерации еврейских общин России
500 _aБиблия
_iВ.З.
_3RU\NLR\AUTH\553048
_92631015
605 _aМидраши
_92403213
_3RU\NLR\AUTH\661432385
686 2 _aЭ36-250.99
702 1 _aЗингер
_bН.
_f1960-
_gНекод
_4730
702 1 _aГорин
_bБ.
_gБорух
_4340
712 0 2 _4570
_aИнститут перевода еврейских текстов Е. Биргера
_cМосква
_3RU\NLR\AUTH\8810122093
_9742243
852 _aNLR
_j2022-5/275
942 _cBOOK